000 00339nam a2200133Ia 4500
008 240624s9999 xx 000 0 und d
041 _aeng
082 _a005.432 BEN
100 _aBENZ BRIAN
245 _aLOTUS NOTES AND DOMINO 6 PROGRAMMING BIB
260 _c2003
_aNew Delhi
_bWiley Dreamtech India
300 _axxxii, : 989
365 _cRS
999 _c933
_d933